LEADER 01006nam0 2200301 450 001 000016489 005 20081120121756.0 100 $a20080925d1974----km-y0itay50------ba 101 0 $aita 102 $aIT 105 $ay-------001yy 200 1 $aTeoria e tecnica della elaborazione automatica dei dati$fE. Crescenti, L. Colussi, F. Gosen 205 $aRistampa corretta 210 $aPadova$cCLEUP$d1974 215 $a94 p.$d24 cm 225 2 $aSerie di statistica 410 0$12001$aSerie di statistica 500 10$aTeoria e tecnica della elaborazione automatica dei dati$934500 610 1 $aElaborazione dei dati 676 $a001.6$9Elaborazione dei dati 700 1$aCrescenti,$bMaria Emanuela$0631941 701 1$aColussi,$bL.$0631942 701 1$aGosen,$bFrancesco$0367787 801 0$aIT$bUNIPARTHENOPE$c20080925$gRICA$2UNIMARC 912 $a000016489 951 $a215/19$b4396$cNAVA2 996 $aTeoria e tecnica della elaborazione automatica dei dati$934500 997 $aUNIPARTHENOPE LEADER 01344nam 2200385Ka 450 001 9910691742303321 005 20020921122900.0 035 $a(CKB)5470000002347972 035 $a(OCoLC)50644452 035 9 $aocm50644452 035 $a(OCoLC)995470000002347972 035 $a(EXLCZ)995470000002347972 100 $a20020921d1994 ua 0 101 0 $aeng 181 $ctxt$2rdacontent 182 $cc$2rdamedia 183 $acr$2rdacarrier 200 10$aReadiness for physical activity$b[electronic resource] /$fRoy J. Shephard 210 1$aWashington, DC :$cPresident's Council on Physical Fitness and Sports,$d[1994] 225 1 $aResearch digest. Series 1 ;$vno. 5 300 $aTitle from title screen. 606 $aExercise$xHealth aspects$zUnited States 606 $aLife expectancy$xHealth aspects$zUnited States 606 $aPhysical education and training$xHealth aspects$zUnited States 615 0$aExercise$xHealth aspects 615 0$aLife expectancy$xHealth aspects 615 0$aPhysical education and training$xHealth aspects 700 $aShephard$b Roy J$0782778 712 02$aPresident's Council on Physical Fitness and Sports (U.S.) 801 0$bGPO 801 1$bGPO 906 $aBOOK 912 $a9910691742303321 996 $aReadiness for physical activity$93432631 997 $aUNINA